[Event "Florianopolis Cordioli Memorial"]
[Site "Florianopolis"]
[Date "2015.07.04"]
[Round "4"]
[White "De Lima, Lucas Correa"]
[Black "Silva, Jurandir Chuchene"]
[Result "0-1"]
[WhiteElo "1754"]
[BlackElo "1896"]
[PlyCount "86"]
[EventDate "2015.07.03"]
[EventType "swiss"]
[EventRounds "7"]
[EventCountry "BRA"]
[SourceTitle "EXT 2016"]
[Source "ChessBase"]
[SourceDate "2015.10.08"]
[SourceVersion "1"]
[SourceVersionDate "2015.10.08"]
[SourceQuality "1"]

1. e4 c5 2. Nf3 d6 3. d4 cxd4 4. Nxd4 Nf6 5. Nc3 a6 6. Be2 e5 7. Nb3 Be6 8. Be3 Nbd7 9. a4 Qc7 10. 0-0 Rc8 11. a5 Be7 12. Kh1 0-0 13. f3 Rfe8 14. Qd2 Qc6 15. Rfd1 Nc5 16. Nxc5 dxc5 17. Qe1 Nh5 18. Qf1 Nf4 19. Bc4 Rcd8 20. Bxe6 Qxe6 21. Bxf4 exf4 22. Nd5 Bd6 23. c4 Be5 24. Ra2 h6 25. b3 g5 26. Qf2 Rc8 27. Qc2 Kg7 28. Nc3 Qf6 29. Ne2 Red8 30. Rd5 Rxd5 31. exd5 h5 32. Qd1 Re8 33. Ng1 Bd4 34. Re2 Re3 35. Rxe3 fxe3 36. Ne2 Kf8 37. Ng3 Qg6 38. Ne2 g4 39. f4 h4 40. Kg1 Qe4 41. g3 h3 42. Qf1 f5 43. Nc1 e2+ 0-1

[Event "BRA-ch U18 29th"]
[Site "Lages"]
[Date "2015.05.14"]
[Round "1"]
[White "De Lima, Lucas Correa"]
[Black "De Carvalho, Christopher"]
[Result "0-1"]
[WhiteElo "1766"]
[BlackElo "2091"]
[PlyCount "74"]
[EventDate "2015.05.14"]
[EventType "swiss"]
[EventRounds "6"]
[EventCountry "BRA"]
[SourceTitle "EXT 2022"]
[Source "ChessBase"]
[SourceDate "2021.10.06"]
[SourceVersion "1"]
[SourceVersionDate "2021.10.06"]
[SourceQuality "1"]

1. Nf3 Nf6 2. d4 d5 3. Bf4 e6 4. c4 Be7 5. Nc3 0-0 6. e3 Nbd7 7. c5 c6 8. h3 b6 9. b4 bxc5 10. bxc5 Qa5 11. Qd2 Bd8 12. Bd3 Bc7 13. Bxc7 Qxc7 14. 0-0 e5 15. Be2 Re8 16. Qc2 exd4 17. exd4 Ne4 18. Bd3 f5 19. Rfe1 Qa5 20. Rac1 Ba6 21. Bxa6 Qxa6 22. Nd2 Nf8 23. Nf3 Ng6 24. Re3 Re7 25. Nb1 Rae8 26. Ra3 Qc8 27. Nc3 Nxc3 28. Qxc3 Nf4 29. Rc2 Ne2+ 30. Rxe2 Rxe2 31. Rxa7 Qb8 32. Qa5 Qf4 33. Rc7 Qc1+ 34. Kh2 Rxf2 35. Qa7 Qf4+ 36. Kg1 Rxg2+ 37. Kxg2 Re2+ 0-1

[Event "Santa Catarina State-ch sf1 61st"]
[Site "Sao Bento do Sul"]
[Date "2015.03.08"]
[Round "6"]
[White "Moraes, Maurino Anastacio"]
[Black "De Lima, Lucas Correa"]
[Result "0-1"]
[WhiteElo "1700"]
[BlackElo "1713"]
[PlyCount "36"]
[EventDate "2015.03.06"]
[EventType "swiss"]
[EventRounds "6"]
[EventCountry "BRA"]
[SourceTitle "EXT 2016"]
[Source "ChessBase"]
[SourceDate "2015.10.08"]
[SourceVersion "1"]
[SourceVersionDate "2015.10.08"]
[SourceQuality "1"]

1. e4 e5 2. Nf3 Nc6 3. Bc4 Bc5 4. 0-0 d6 5. h3 Nf6 6. d3 Be6 7. Bxe6 fxe6 8. Bg5 h6 9. Bxf6 Qxf6 10. c3 g5 11. Nh2 h5 12. Qf3 Qxf3 13. Nxf3 g4 14. hxg4 hxg4 15. Ng5 Ke7 16. b4 Bb6 17. a4 a6 18. a5 Ba7 0-1